| 000 | 00623nam a22002291 4500 | ||
|---|---|---|---|
| 001 | 17914 | ||
| 003 | BD-RjUL | ||
| 005 | 20211209000218.0 | ||
| 008 | 140219s1934 nyu 000 1 eng | ||
| 035 | _a(BD-RjUL)17972 | ||
| 040 |
_aDLC _cDLC _dBD-RjUL _beng |
||
| 041 | _aeng | ||
| 082 | 0 | 4 |
_219 _a811.52 _bAUP 1934 |
| 100 | 1 |
_aAuden, W. H. _q(Wystan Hugh), _d1907-1973. _93365 |
|
| 245 | 1 | 0 |
_aPoems / _cW H Auden |
| 260 |
_aLondon : _bFaber and Faber, _c[c1934] |
||
| 300 |
_a89 p. ; _c21 cm. |
||
| 650 |
_aEnglish poetry _y20th century. _955260 |
||
| 942 |
_2ddc _cBK |
||
| 999 |
_c17914 _d17914 |
||